00310nam a2200121Ia 4500008004100000041000800041082001700049100001600066245001800082260005300100300002400153365001100177240624s9999 xx 000 0 und d aeng a332.6323 COY aCOYLE BRIAN aMONEY MARKETS c2001aUnited KingdombFinancial World Publishing a154 : p. : cm. ; 23 cRSb25